00822nam a22002537a 4500001000700000003000900007005001700016007000700033008004100040016001000081020001500091040002200106041000800128100003300136240002600169245013200195260002700327300001800354490004500372700003100417700003000448700004500478830004500523229244DO-SdBNP20180207093704.0229244000518s1999 sp | ||| ||spa 7 2BPSMU a8481302104 aBPMSUbspacBPMSU1 aspa1 aFaulkner, Williamd1897-196214aThe HamletlEspañol13aEl villorriocWilliam Faulkner ; traducción de J. Napoletano Torre y P. Carbó Amiguet ; prólogo de Mariano Antolín Rato aMadridbUnidadc[1999] a317 p.c22 cm aMillenium. Las 100 joyas del mileniov911 aNapoletano Torre, J.etr. 1 aCarbó Amiguet, P.etr. 1 aAntolín Rato, Marianod1943-4pról.  pMillenium. Las 100 joyas del mileniov91